| 000 | 00806nam a22002297a 4500 | ||
|---|---|---|---|
| 005 | 2012021104084.0 | ||
| 008 | 120211t xxu||||| |||| 00| 0 eng d | ||
| 020 |
_a8120318749 _c225.00 |
||
| 035 | _aB-61260 | ||
| 037 | _bDBAD / PUB | ||
| 040 |
_aDPL _bENG |
||
| 082 | _a005.73 | ||
| 100 |
_aSamanta, Debasis _941612 |
||
| 245 |
_aClassic data structures / _cby Debasis Samanta |
||
| 260 |
_aNew Delhi _bPHI Learning _c2001 |
||
| 270 |
_aM-97 Connaught Circus _bNew Delhi _e110001 |
||
| 300 |
_aix, 470p. _c26cm(pbk) |
||
| 500 | _aIncludes index | ||
| 650 |
_aData structures (Computer science) _941613 |
||
| 942 |
_2ddc _cEN _mSAM _h005.73 |
||
| 999 |
_c62559 _d62559 |
||